Catálogo

THE PACIFIC CREST TRAIL (Registro nro. 35530)

Detalles MARC
000 -LEADER
fixed length control field 00461nam a2200169 a 4500
001 - CONTROL NUMBER
control field 35530
005 - DATE AND TIME OF LATEST TRANSACTION
control field 20180714003905.0
008 - FIXED-LENGTH DATA ELEMENTS--GENERAL INFORMATION
fixed length control field 140415s1975 xxu 000 0 eng d
041 ## - LANGUAGE CODE
Language code of text/sound track or separate title eng
082 ## - DEWEY DECIMAL CLASSIFICATION NUMBER
Classification number 910.953
Item number GRA
100 1# - MAIN ENTRY--PERSONAL NAME
Personal name GRAY, WILLIAM R.
245 14 - TITLE STATEMENT
Title THE PACIFIC CREST TRAIL
250 ## - EDITION STATEMENT
Edition statement 1a ed.
260 ## - PUBLICATION, DISTRIBUTION, ETC.
Place of publication, distribution, etc. ESTADOS UNIDOS DE AMERICA :
Name of publisher, distributor, etc. NATIONAL GEPGRAPHIC SOCIETY,
Date of publication, distribution, etc. 1975
300 ## - PHYSICAL DESCRIPTION
Extent 199
650 14 - SUBJECT ADDED ENTRY--TOPICAL TERM
Topical term or geographic name entry element EXPLORACIONES
General subdivision PACIFICO
Existencias
Withdrawn status Lost status Source of classification or shelving scheme Damaged status Not for loan Collection code Home library Current library Shelving location Date acquired Source of acquisition Inventory number Total Checkouts Full call number Barcode Date last seen Price effective from Koha item type
    Dewey Decimal Classification     General Biblioteca Karol Wojtyla Biblioteca Karol Wojtyla Sala general 03/12/2013 Compra 151000000000000000009941   910.953 GRA 5364 05/01/2026 03/12/2013 Libro